Państwa nad morzem Śródziemnym z mapą - Statystyki

Ogólne statystyki
  • Ten quiz został rozwiązany 60 razy
    48 od ostatniego zresetowania
  • Średni wynik to 19 z 21
Odpowiedzi na mapie
Odpowiedzi zakodowano w zielono-czerwonej skali na mapie do tego quizu, zgodnie z poniższymi procentami.
 
Statystyki odpowiedzi
Państwo % Poprawnych
Francja
100%
Grecja
100%
Hiszpania
100%
Turcja
100%
Włochy
100%
Albania
97%
Bośnia i Hercegowina
97%
Chorwacja
97%
Egipt
93%
Czarnogóra
90%
Malta
90%
Algieria
87%
Cypr
87%
Słowenia
87%
Tunezja
87%
Izrael
83%
Libia
83%
Maroko
83%
Syria
83%
Liban
80%
Monako
73%
Nie znaleziono quizów pasujących do podanych kryteriów
Rozkład punktacji
Procent ludzi z każdym wynikiem
Percentyl według liczby udzielonych odpowiedzi
Twoja historia wyników
Nie rozwiązałeś tego quizu od ostatniego zresetowania